02511nam a22003373i 450000100190000000500170001900600190003600700150005500800410007002000150011102000150012602000150014103500240015603500240018003500250020403500220022903500210025103500280027204000410030004100120034105000220035310000160037524500330039125000190042426400490044330000140049250504520050652011760095865000200213465000190215499110763963560619620260309144721.0m o d | cr |||||||||||250602s2025 xx o ||||0 eng d a1036235580 a1036202372 a1036203409 a(CKB)38734220400041 a(MiAaPQ)EBC32141453 a(Au-PeEL)EBL32141453 a(OCoLC)1522808037 a(Exl-AI)32141453 a(EXLCZ)9938734220400041 aMiAaPQbengerdaepncMiAaPQdMiAaPQ aEnglish00aGT3405b.Q53 2025 aQuick, Liz.10aManaging Eventsc/ Liz Quick aSecond edition 1aLondon :bSAGE Publications, Limited,c2025. a485 pages8 aPart 1: The Event Cycle — The Planning Phase — The Event Delivery Phase — The Post-Event and Evaluation Phase. Part 2: Before the Event — Event Research, Feasibility and Impact Analysis — Event Conception and Bidding. Part 3: Throughout the Event — Event Operations, Logistics and Marketing — Event Finance, Online Payment Solutions and Budgeting — Event Design and Production- Part 4: Beyond Events — Event Trends and Issues. aThis introduction to managing events, written by an events professional and lecturer, combines a much-needed real-world industry perspective with essential academic concepts for success in both your studies and career. Each chapter guides you through the important stages of the event process, discusses events of all types and sizes, and introduces key trends and issues in the industry. This new edition includes all new, real-life examples which look at challenges and success stories, and explore how the events industry is evolving following the Covid 19 pandemic and as new technologies emerge. Learning features include insights into career paths from practitioners, with anecdotes on how they overcome real event challenges, Event Ethics and Did You Know boxes, case studies, and questions, discussion points and activities at the end of each chapter. Managing Events is the essential companion for anyone studying events and events management at college or university, or for those already working in the industry who are looking to develop their event skills. Liz Quick is a senior lecturer on the BA Event Management course at the University of West London. 0aRisk management 0aSustainability